| 000 | 01389nam a2200325 4500 | ||
|---|---|---|---|
| 001 | 0000015108 | ||
| 003 | CO-CtgCURN | ||
| 005 | 20250329191008.0 | ||
| 007 | ta | ||
| 008 | 160627s1993 000 0 eng d | ||
| 020 | _a9701003519 | ||
| 040 |
_aCO-CtgCURN _bspa _ccoctgcurn |
||
| 082 | 0 |
_a658.15 _bW37f |
|
| 100 | 1 | _aWeston, J. Fred. | |
| 245 | 1 | 0 |
_aFundamentos de Administración financiera / _cJ. Fred Weston y Eugene F. Brigham , traducción Jaime Gómez Mont. |
| 250 | _a10a ed. | ||
| 260 |
_aMexico : _bMcGraw-Hill, _c1993. |
||
| 300 | _axxv, 1148 p. | ||
| 336 | _2rdacontent | ||
| 337 |
_2rdamedia _asin mediacion _bn |
||
| 338 |
_2rdacarrier _avolumen _bnc |
||
| 500 | _aIncluye apendice. | ||
| 505 | 8 | _aAdministración financiera.--Conceptos fundamentales de la Administración financiera.--El pronostico financiero, la planeacion y el control.--Admnistracion del capital de trabajo.--Decisiones estrategicas de inversion a largo plazo: el presupuesto de capital.--Costo de capital, apalancamiento y política de dividendos.--Decisiones estrategicas de financiamiento a largo plazo | |
| 650 | 1 | 4 | _aAdministración financiera. |
| 700 | 1 | _aBrigham, Eugene F. | |
| 908 | _a160627 | ||
| 942 |
_cBK _h658.15 _iW37f _2ddc |
||
| 999 |
_c10607 _d10607 |
||